Peraturan dan kawalan guna tanah bandar

Bibliographic Details
Main Author: Kamarudin Ngah
Format: Book
Published: Kuala Lumpur : DBP , 1993
Subjects:

MARC

LEADER 00000cam a2200000 7i4500
001 0000005194
002 000005613
005 20091105.0
020 |a 9836230750 
090 0 0 |a 333.771709595   |b KAM 
100 0 |a Kamarudin Ngah 
245 1 0 |a Peraturan dan kawalan guna tanah bandar   |c Kamaruddin Ngah 
260 |a Kuala Lumpur :   |b DBP ,   |c 1993 
300 |a 205p. ;   |c 22cm. 
600 0 0 |a City planning and redevelopment law   |z Malaysia 
600 0 0 |a City planning   |z Malaysia 
650 0 0 |a Land use, Urban   |z Malaysia 
999 |a 030559   |b BUKU   |c PINJAMAN   |e PERPUSTAKAAN KOMUNITI PETALING JAYA